000 00754nam a22002177a 4500
999 _c15756
_d15756
003 MIRAKIL
005 20240322140234.0
008 240322b tu ||||| |||| 00| 0 tur d
020 _a9789751621214
040 _aTR-AnCHP
_cTR-AnCHP
041 _atur
082 _a819.1
_bH27b 2018
100 _aHatiboğlu
245 1 0 _aBahrü'l-hakayık :
_bgiriş-metin-dizin /
_cHatiboğlu ; hazırlayan: Vahit Türk.
260 _aAnkara :
_bTürk Dil Kurumu Yayınları,
_c2018.
300 _a292 s. ;
_c24 cm.
490 0 _aAtatürk Külkür, Dil ve Tarih Yüksek Kurumu Türk Dil Kurumu yayınları ;
_v953.
650 0 _97726
_aDivan şiiri
856 _zDijital Nüshası için Partimizin Kütüphane Sorumlusu ile iletişime geçiniz.
942 _2ddc
_cBKS